Представление документа в формате RUSMARC

ПолеНазваниеЗначение
  Тип записи a
  Библиографический уровень c
001 Контрольный номер RU/IS/BASE/494329406
005 Дата корректировки 20250304105948.1
010 Индекс ISBN __
a ISBN 978-5-370-03598-2 (в обл.)
d Цена 17-23
100 Данные общей обработки __
a Данные общей обработки 19150831|2015||||||| 0rusy0189 ca
101 Язык документа 0_
a Язык текста rus
102 Страна публикации __
a Страна публикации ru|
105 Кодированные данные (монография) __
a Кодированные данные (монография) ||||||||000zy
200 Заглавие и сведения об ответственности 1_
a Заглавие Конституция Российской Федерации ; Федеральный конституционный закон "О государственном гимне Российской федерации" ; Федеральный конституционный закон "О государственном гербе Российской федерации"...
b Общее обозначение материала Текст
210 Выходные данные 1_
a Место издания Москва
c Издательство Омега-Л
d Дата издания 2015
215 Физическое описание __
a Объем 62, [1] с.
d Формат 20 см
300 Общие примечания __
a Общие примечания 20000 экз.
327 Примечание о содержании 0_
a Примечание о содержании О государственном гимне Российской федерации : ФЗ № 3-ФКЗ от 25.12.2000
327 Примечание о содержании 0_
a Примечание о содержании О государственном гербе Российской федерации : ФЗ № 2-ФКЗот 25.12.2000
327 Примечание о содержании 0_
a Примечание о содержании О государственном флаге Российской федерации : ФЗ № 1-ФКЗ от 25.12.2000
330 Аннотация __
a Аннотация Содержит текст основного закона страны – Конституции Российской Федерации со всеми последними изменениями, включая присоединение новых субъектов Российской Федерации - Крыма и Севастополя.
517 Другие варианты заглавия 1_
a Другие варианты заглавия Федеральный конституционный закон "О государственном гимне Российской федерации"
517 Другие варианты заглавия 1_
a Другие варианты заглавия Федеральный конституционный закон " О государственном гербе Российской федерации"
517 Другие варианты заглавия 1_
a Другие варианты заглавия Федеральный конституционный закон " О государственном флаге Российской федерации"
517 Другие варианты заглавия 1_
a Другие варианты заглавия О государственном гимне Российской федерации : ФЗ РФ
517 Другие варианты заглавия 1_
a Другие варианты заглавия О государственном гербе Российской федерации : ФЗ РФ
517 Другие варианты заглавия 1_
a Другие варианты заглавия О государственном флаге Российской федерации : ФЗ РФ
606 Тематические рубрики __
a Основная рубрика Право
606 Тематические рубрики __
a Основная рубрика Конституции и документы конституционного значения. Органы конституционного контроля
z Хронологическая подрубрика 2015 г.
z Хронологическая подрубрика 21 в.
y Географическая подрубрика Российская Федерация
y Географическая подрубрика Россия
y Географическая подрубрика РФ
610 Ключевые слова 0_
a Ключевые слова гербы
a Ключевые слова гимны
a Ключевые слова государственная символика
a Ключевые слова законы
a Ключевые слова конституции
a Ключевые слова конституционные законы
a Ключевые слова федеральные законы
a Ключевые слова флаги
686 Индексы других классификаций __
2 Код системы rubbks
a Классификационный индекс 67.400.11(2Рос); ст67.400
710 Наименование организации. (Первичная ответственность) 02
a Организация/ юрисдикция Российская Федерация
b Другие уровни Законы
801 Источник записи _0
a Страна ru
b Организация Муниципальное бюджетное учреждение культуры "Централизованная библиотечная система" г. Сургут (Центральная городская библиотека им. А. С. Пушкина)
c Дата составления 20150831
g Правила каталогизации КиК/Апакова
801 Источник записи _1
a Страна ru
b Организация Муниципальное бюджетное учреждение культуры "Централизованная библиотечная система" г. Сургут (Центральная городская библиотека им. А. С. Пушкина)
c Дата составления 20150831
g Правила каталогизации КиК/Апакова
852 Данные о местонахождении __
j Шифр хранения 67.400.11(2Рос)
i Авторский знак Р 76
901 Тип документа __
t Тип документа x
903 Характеристики (МАРС) __
a Дата передачи 20150831
969 Тип издания __
a Тип издания официальное издание; сборник
990 Данные о заказе (DOS) __
j Количество экземпляров (DOS) 9
t N записи в КСУ для И/У (DOS) 201509